| 000 | 00676nam a2200193 i 4500 | ||
|---|---|---|---|
| 001 | 34960 | ||
| 003 | ES-MaACL | ||
| 005 | 20230906155028.0 | ||
| 007 | t| | ||
| 008 | 030211s1970 sp ||||1| spa d | ||
| 100 | 1 |
_aBorràs, Maria Lluïsa. _9146592 |
|
| 245 | 1 | 0 |
_aArquitectura contemporánea japonesa / _c[texto, María Lluisa Borrás ; fotos, Yukio Futagawa ; selección y secuencia, Joan Prats Vallés]. |
| 260 |
_aBarcelona : _bPolígrafa, _c[1970] |
||
| 300 |
_a103 p., 2 plan., 4 h. pleg., 123 lám. ; _c21 cm. |
||
| 500 | _aEd. multilingüe. | ||
| 700 | 1 |
_aFutagawa, Yukio. _953098 |
|
| 700 | 1 |
_aPrats Vallès, Joan. _993709 |
|
| 852 |
_aES-MaACL _jC-42410 _bR.79804 |
||
| 999 |
_c34960 _d34960 |
||